| 000 | 00407cam a2200157ua 4500 | ||
|---|---|---|---|
| 041 |
_amal _h |
||
| 082 |
_a894.8122 _bCHA/KE |
||
| 100 | _aChapek, Karel . | ||
| 245 |
_aKeeta Janmam / _cKarel Chapek. _hTextual Documents |
||
| 260 |
_aKottayam : _bSahitya Pravarthaka Co-operative Society , _c1959. |
||
| 300 | _a119 ; . | ||
| 504 | _a | ||
| 700 | 1 | _aChapek, Joseph . | |
| 942 | _cBK | ||
| 999 |
_c1275 _d1275 |
||